The political, economic, and labor climate in the Philippines
محفوظ في:
| المؤلف الرئيسي: | |
|---|---|
| التنسيق: | كتاب |
| اللغة: | Undetermined |
| منشور في: |
Industrial Research
University Of Pennsyvania
1980
|
| الوسوم: |
إضافة وسم
لا توجد وسوم, كن أول من يضع وسما على هذه التسجيلة!
|
| Thư viện lưu trữ: | Trung tâm Học liệu Trường Đại học Cần Thơ |
|---|
| LEADER | 00500nam a2200169Ia 4500 | ||
|---|---|---|---|
| 001 | CTU_92875 | ||
| 008 | 210402s9999 xx 000 0 und d | ||
| 082 | |a 330.9599 | ||
| 082 | |b I.43 | ||
| 100 | |a Infante, Jaime T. | ||
| 245 | 4 | |a The political, economic, and labor climate in the Philippines | |
| 245 | 0 | |c Jaime T. Infante | |
| 260 | |a Industrial Research | ||
| 260 | |b University Of Pennsyvania | ||
| 260 | |c 1980 | ||
| 904 | |i Tuyến | ||
| 980 | |a Trung tâm Học liệu Trường Đại học Cần Thơ | ||